Effect of planting density on the growth of rubber in the Vellanikkara estate (Record no. 74285)

MARC details
000 -LEADER
fixed length control field 00407nam a2200133Ia 4500
100 ## - MAIN ENTRY--AUTHOR NAME
Personal name Karthikeyan, K.V.
245 #0 - TITLE STATEMENT
Title Effect of planting density on the growth of rubber in the Vellanikkara estate
260 ## - PUBLICATION, DISTRIBUTION, ETC. (IMPRINT)
Name of publisher Kerala Agricultural University
Place of publication Thrissur
Year of publication 1993
300 ## - PHYSICAL DESCRIPTION
Number of Pages 25
500 ## - GENERAL NOTE
General note Course: PGDNRP
700 ## - ADDED ENTRY--PERSONAL NAME
Personal name Dr CK Saraswathy Amma
942 ## - ADDED ENTRY ELEMENTS (KOHA)
Koha item type Theses
Holdings
Withdrawn status Lost status Damaged status Not for loan Collection code Home library Current library Shelving location Date acquired Koha item type
      Theses Dissertation RRII Library RRII Library Crop imporvement 31/12/2021 Theses